00498 2200193 4500001002100000005001500021035002000036007000300056008004100059020001800100082001000118084001600128100002200144245004300166260003600209300002500245650001300270990002100283INLIS00000000000031020220512085720 a0010-0522000010ta220512 0 ind  a9789797098209 a152.4 a152.4 HEN t0 aHenry Manampiring1 a7 Kebiasaan orang yang nyebelin banget abogor :bKompas Gramedia,c2014 a205 :bilus ;c20 cm 4amotivasi a328/SMPN7/SBY/18